000 00827cam a2200229 a 4500
005 20170323020002.0
008 890621s1985 ck ab r 00010 spa d
015 _ack-1985-xxxx
040 _ala
_cla
_dCO-BoIAVH
041 0 _aspa
043 _as-ck---
082 0 4 _a591.7789
_bP89c
100 1 _aPrahl, Henry Von,
_d1948-1989.
245 1 0 _aColombia :
_bcorales y arrecifes coralinos /
_cHenry Von Prahl ; Harry Erhardt.
260 _aBogotá :
_bFondo para la Protección del Medio Ambiente "José Celestino Mutis",
_c1985.
300 _a295 páginas :
_bilustraciones y mapas ;
_c24 cm.
650 1 4 _aArrecifes madrepóricos
_z Colombia.
650 2 4 _aEcología de arrecifes madrepóricos
_zColombia
700 1 _aErhardt, Harry,
_eautor.
942 _2ddc
_cLIBRO
_01
949 _ac
_bc
999 _c18023
_d18023